Gejza Vámoš

Bibliographic Details
Main Author: Habaj, Michal, 1974- (Author)
Format: Article
Language:Slovak
ISSN:0037-6973
Subjects:

MARC

LEADER 00000nab a2200000 a 4500
001 vtls000807664
003 SK-MaSNL
005 20260304103202.0
008 250429c2002 xo 0 slo
015 |a SNBRB2002/10-30370 
035 |a CLN000159319 
035 |a urn:nbn:sk:snk-abf42m 
035 |a (urnnbn)urn:nbn:sk:snk:ar-004zgz 
035 |a (uuid)788820a6-a210-481e-9837-77156c886261 
040 |a SNKBUCL  |b slo  |c SNKBUCL  |e AACR2 
041 0 |a slo 
044 |a xo  |c SK 
080 |a 82.033:885.4-3  |2 1997 
080 |a 885.4-3.033  |2 1997 
080 |a 82(091):885.4"192"  |2 1997 
080 |a 885.4(091)"192"  |2 1997 
100 1 |a Habaj, Michal,  |d 1974-  |4 aut  |9 97738 
245 1 0 |a Gejza Vámoš  |c Michal Habaj 
504 |a Bibliogr. odkazy 
600 1 7 |a Vámoš, Gejza,  |d 1901-1956  |2 snkbucl  |9 110347 
648 7 |a 20. stor., 20. r.  |2 SNKPH  |9 728085 
650 0 7 |a prozaická tvorba  |2 SNKPH  |9 457895 
655 7 |a štúdie  |2 snkbucl  |9 57033 
655 7 |a články z novín a časopisov  |2 snkbucl  |9 267496 
773 0 |t Slovenská literatúra  |g Roč. 49, č. 3 (2002), s. 193-209  |x 0037-6973 
850 |a Slovenská národná knižnica 
852 |a Slovenská národná knižnica 
954 |a odborná, vedecká literatúra pôvodná (slovenská)  |2 lita 
958 |a article27 
958 |a LX 
958 |a SK 
958 |a NB 
958 |a OND 
958 |a EUIPO 
992 |a RBX 
999 |c 2848239  |d 2850169